|
|
|
|
| LEADER |
00000cam a2200000 7i4500 |
| 001 |
0000015135 |
| 005 |
20080317.0 |
| 008 |
080317 |
| 020 |
|
|
|a 1569243638
|
| 090 |
0 |
0 |
|a 616.46206
|b SUR
|
| 100 |
1 |
|
|a Surwit, Richard S
|
| 245 |
1 |
4 |
|a The mind-body dietbetes revolution :
|b a proven new program for better blood sugar control
|c Richard S. Surwit, with Alisa Bauman
|
| 260 |
|
|
|a New York :
|b Marlowe & Company ,
|c 2005
|
| 650 |
|
0 |
|a Behaviour therapy
|
| 650 |
|
0 |
|a Diabetes
|x Psychological aspects
|x Popular works
|
| 650 |
|
0 |
|a Diabetes
|x Treatment
|x Popular works
|
| 700 |
1 |
|
|a Bauman, Alisa
|
| 999 |
|
|
|a 0001011980
|b Book
|c Adult Collection
|e Perbadanan Perpustakaan Awam Johor
|